Marketing & komunikace

Enregistré dans:
Détails bibliographiques
Format: Publication en série
Langue:tchèque
Publié: Praha Česká marketingová společnost 1999
Sujets:
Tags: Ajouter un tag
Pas de tags, Soyez le premier à ajouter un tag!

MARC

LEADER 00000nas2a2200000 4500
001 s123843
005 20231103122527.8
022 |a 1211-5622 
041 0 |a cze 
044 |a CZ 
245 1 0 |a Marketing & komunikace 
264 1 |a Praha  |b Česká marketingová společnost  |c 1999 
300 |a 1 zv. 
773 0 |w eu_un_cat*s120055 
610 2 0 |a marketing 
610 2 0 |a stratégia marketingová 
610 2 0 |a nástroje marketingové